[Event "Wch Blitz"]
[Site "St Petersburg"]
[Date "2018.12.30"]
[Round "18"]
[White "Zhigalko, Andrey"]
[Black "Khismatullin, Denis Rimovich"]
[Result "1-0"]
[WhiteElo "2545"]
[BlackElo "2621"]
[PlyCount "89"]
[EventDate "2018.12.29"]
[EventType "swiss (blitz)"]
[EventRounds "21"]
[EventCountry "RUS"]
[SourceTitle "CBM 187 Extra"]
[Source "ChessBase"]
[SourceDate "2018.11.04"]
[SourceVersion "1"]
[SourceVersionDate "2018.11.04"]
[SourceQuality "1"]

1. e4 d6 2. d4 Nf6 3. Bd3 e5 4. c3 Be7 5. Nf3 0-0 6. 0-0 Nbd7 7. Re1 Re8 8. a4 c6 9. a5 Bf8 10. Bg5 Qc7 11. Nbd2 h6 12. Bh4 Nh5 13. Nxe5 Nf4 14. Nxd7 Nxd3 15. Re3 Nxb2 16. Nf6+ gxf6 17. Rg3+ Kh7 18. Qf3 f5 19. exf5 Bg7 20. Rb1 Qd7 21. f6 Bf8 22. Rxb2 Re1+ 23. Nf1 Qf5 24. h3 b6 25. Qxc6 Qf4 26. Qc7 Be6 27. axb6 Rxf1+ 28. Kxf1 Qc1+ 29. Ke2 Qxb2+ 30. Kf3 Bd5+ 31. Kg4 Qe2+ 32. f3 Qe6+ 33. Kf4 Re8 34. Rg4 Qe3+ 35. Kg3 Qe1+ 36. Kh2 Qe6 37. b7 h5 38. Rg5 Bh6 39. Rxh5 Kg6 40. Rxh6+ Kxh6 41. b8Q Rxb8 42. Qxb8 Qe2 43. Qh8+ Kg6 44. Qg7+ Kf5 45. Qg4# 1-0